banner-ar

UNE HISTOIRE DE LA VILLE POUR REPENSER LA SOCIETE / (Record no. 16344)

MARC details
000 -الفاتح
حقل البيانات ثابتة الطول 00549nam a2200193Ia 4500
008 - عناصر البيانات ثابتة الطول - معلومات عامة
حقل البيانات ثابتة الطول 140319s9999 xx 000 0 eng d
040 ## - مصدر الفهرسة
وكالة الفهرسة الأصلية GCL /
وكالة النسخ GCL
082 04 - رقم تصنيف ديوى العشرى
رقم التصنيف 307.76
رقم المادة B H
100 1# - المدخل الرئيسى - إسم شخصى
الإسم الشخصى BALNQUART, PAUL
245 10 - بيان العنوان
العنوان UNE HISTOIRE DE LA VILLE POUR REPENSER LA SOCIETE /
بيان المسئوليه,etc BALNQUART, PAUL
260 ## - PUBLICATION, DISTRIBUTION, ETC. (IMPRINT)
تاريخ النشر أو التوزيع 1997
300 ## - الوصف المادى
التعداد 193 P
650 04 - المدخل الاضافى بالموضوع-مصطلح موضوعى
مصطلح موضوعي CITIES AND TOWNS
650 04 - المدخل الاضافى بالموضوع-مصطلح موضوعى
مصطلح موضوعي COMMUNITIES
650 04 - المدخل الاضافى بالموضوع-مصطلح موضوعى
مصطلح موضوعي CITIES AND TOWNS - HISTORY
650 04 - المدخل الاضافى بالموضوع-مصطلح موضوعى
مصطلح موضوعي CITIES AND TOWN - PLANNING
942 ## - عناصر المدخل الإضافي( كوها)
مصدر التصنيف او مخطط الترفيف Dewey Decimal Classification
Koha [default] item type كتاب
260 ## - PUBLICATION, DISTRIBUTION, ETC. (IMPRINT)
-- [S.N] :
-- EDITION LA DECOUVRETE ،
Holdings
حالة التراجع حالة الفقد حالة تلف ليس للاعارة المكان المؤقت الموقع الحالى تاريخ الاكتساب اجمالي اﻻعارات رقم الطلب الباركود تاريخ اخر مشاهدة تاريخ تفعيل السعر نوع وعاء كوها
        مكتبة القاهرة الكبرى مكتبة القاهرة الكبرى 03/26/2014   307.76\B H 29748 03/26/2014 03/26/2014 كتاب

Powered By

EGPV